Statistiques concernant Clubs de foot : quel pays ? (4)

Cliquez ici pour prendre le quiz!

Statistiques générales

  • Ce quiz a été pris 110 fois
  • Le résultat moyen est 10 sur 20

Statistiques - réponses

Football teamCountry% Correct
AjaxPays-Bas
96%
Rayo VallecanoEspagne
93%
FluminenseBrésil
91%
Shakhtar DonetskUkraine
88%
KaiserslauternAllemagne
82%
Hartlepool UnitedAngleterre
78%
Dynamo MinskBiélorussie
73%
Cruz AzulMexique
63%
GKS KatowicePologne
55%
MK DonsAngleterre
53%
JK Tallinna KalevEstonie
48%
SC East BengalInde
40%
Lao-American CollegeLaos
27%
ŽeljezničarBosnie-Herzégovine
22%
CSKA Pomir DushanbeTadjikistan
22%
OFK TitogradMonténégro
16%
EB/StreymurÎles Féroé
6%
Elect Sport OuaddaiTchad
3%
Golf LeopardsSierra Leone
1%
Joe PublicTrinidad et Tobago
0%

Distribution des résultats

Percentile par nombre de réponses

% des personnes avec chaque résultat

Votre développement - résultats

Vous n’avez pas pris ce quiz